Program implementation: the organizational context

Saved in:  
Bibliographic Details
Main Author: Scheirer, Mary A. (Author)
Format: Print Book
Language:English
Published: Beverly Hills [u.a.] Sage Publ. 1981
In: Contemporary evaluation research (5)
Year: 1981
Availability in Tübingen:Present in Tübingen.
UB: KB 13 A 49
Check availability: HBZ Gateway
Subito Delivery Service: Order now.

MARC

LEADER 00000cam a2200000 c 4500
001 1090131992
003 DE-627
005 20251224220319.0
007 tu
008 900404s1981 xx ||||| 00| ||eng c
035 |a (DE-627)1090131992 
035 |a (DE-576)020131992 
035 |a (DE-599)BSZ020131992 
035 |a (OCoLC)07249804 
040 |a DE-627  |b ger  |c DE-627  |e rakwb 
041 |a eng 
082 0 |a 361.3/068 
082 0 |a 362.2/072073 
100 1 |a Scheirer, Mary A.  |4 aut 
245 1 0 |a Program implementation  |b the organizational context  |c Mary Ann Scheirer 
264 1 |a Beverly Hills [u.a.]  |b Sage Publ.  |c 1981 
300 |a 232 S.  |b graph. Darst. 
336 |a Text  |b txt  |2 rdacontent 
337 |a ohne Hilfsmittel zu benutzen  |b n  |2 rdamedia 
338 |a Band  |b nc  |2 rdacarrier 
490 1 |a Contemporary evaluation research  |v 5 
583 1 |a Archivierung prüfen  |c 20200919  |f DE-640  |z 2  |2 pdager 
830 0 |a Contemporary evaluation research  |v 5  |9 5  |w (DE-627)130555495  |w (DE-576)008122555  |w (DE-600)784441-4  |7 am 
951 |a BO 
ELC |b 1 
LOK |0 000 xxxxxcx a22 zn 4500 
LOK |0 001 214317795X 
LOK |0 003 DE-627 
LOK |0 004 1090131992 
LOK |0 005 20020606000000 
LOK |0 008 900404||||||||||||||||ger||||||| 
LOK |0 040   |a DE-21  |c DE-627  |d DE-21 
LOK |0 852   |a DE-21 
LOK |0 852 1  |c KB 13 A 49  |9 00 
LOK |0 935   |a krim 
LOK |0 936ln  |a k1.6 
LOK |0 939   |a 04-04-90  |b l01 
ORI |a SA-MARC-krimdoka001.raw 
SIG |a UB: KB 13 A 49